| 000 | 01267nam a2200337Ia 4500 | ||
|---|---|---|---|
| 001 | ebr10645496 | ||
| 003 | CaPaEBR | ||
| 006 | m u | ||
| 007 | cr cn||||||||| | ||
| 008 | 120517s2012 nyu sb 001 0 eng d | ||
| 010 | _z 2012019259 | ||
| 020 | _z9780815633075 | ||
| 020 | _z9780815651888 | ||
| 040 |
_aCaPaEBR _cCaPaEBR |
||
| 035 | _a(OCoLC)847549932 | ||
| 050 | 1 | 4 |
_aQH540.5 _b.S53 2012eb |
| 082 | 0 | 4 |
_a304.2 _223 |
| 100 | 1 | _aShantz, Jeff. | |
| 245 | 1 | 0 |
_aGreen syndicalism _h[electronic resource] : _ban alternative red/green vision / _cJeff Shantz. |
| 260 |
_aSyracuse, NY : _bSyracuse University Press, _cc2012. |
||
| 300 | _alviii, 214 p. | ||
| 440 | 0 | _aSpace, place, and society | |
| 504 | _aIncludes bibliographical references and index. | ||
| 533 |
_aElectronic reproduction. _bPalo Alto, Calif. : _cebrary, _d2013. _nAvailable via World Wide Web. _nAccess may be limited to ebrary affiliated libraries. |
||
| 650 | 0 |
_aEcology _xPolitical aspects. |
|
| 650 | 0 | _aRadicalism. | |
| 650 | 0 |
_aGreen movement _xCitizen participation. |
|
| 655 | 7 |
_aElectronic books. _2local |
|
| 710 | 2 | _aebrary, Inc. | |
| 856 | 4 | 0 |
_uhttp://site.ebrary.com/lib/rucke/Doc?id=10645496 _zAn electronic book accessible through the World Wide Web; click to view |
| 999 |
_c31050 _d31050 |
||